ბათუმის შოთა რუსთაველის სახელმწიფო უნივერსიტეტის ბიბლიოთეკა

Гладкие периодические отображения. Differentiable Periodic Mars. (ბიბ.ჩანაწერი № 39100)

000 -LEADER
fixed length control field 00760nam a2200205Ia 4500
001 - CONTROL NUMBER
control field 5673
003 - CONTROL NUMBER IDENTIFIER
control field GE_BSU
008 - FIXED-LENGTH DATA ELEMENTS--GENERAL INFORMATION
fixed length control field 181216s||||||||xx |||||||||||||| ||und||
040 ## - CATALOGING SOURCE
Transcribing agency GE_BSU
080 ## - UNIVERSAL DECIMAL CLASSIFICATION NUMBER
Universal Decimal Classification number 515.146.6
100 ## - MAIN ENTRY--PERSONAL NAME
Personal name Коннер П. Флойд Э.
245 ## - TITLE STATEMENT
Title Гладкие периодические отображения. Differentiable Periodic Mars.
245 ## - TITLE STATEMENT
Statement of responsibility, etc. Под. Ред. В.М. Бухштабера и Д.Б. Фукса. Пер. с английского Б.М. Пранова и В.М. Бухштабера.
260 ## - PUBLICATION, DISTRIBUTION, ETC.
Place of publication, distribution, etc. Москва
260 ## - PUBLICATION, DISTRIBUTION, ETC.
Name of publisher, distributor, etc. Мир
260 ## - PUBLICATION, DISTRIBUTION, ETC.
Date of publication, distribution, etc. 1969
300 ## - PHYSICAL DESCRIPTION
Extent 339 с. 22 см.
653 ## - INDEX TERM--UNCONTROLLED
Uncontrolled term Гладкие периодические отображения. Differentiable Periodic Mars.
942 ## - ADDED ENTRY ELEMENTS (KOHA)
Koha item type წიგნი
ეგზემპლარები
Withdrawn status Lost status Damaged status Not for loan Date acquired Barcode Date last seen Price effective from Koha item type Public note
        2018-12-17 16479 2018-12-17 2018-12-17 წიგნი დარბაზი